| 000 | 00608cam a2200193 4500500 | ||
|---|---|---|---|
| 005 | 20260405000326.0 | ||
| 041 | _afre | ||
| 042 | _adc | ||
| 100 | 1 | 0 |
_aPradeau, Jean-François _eauthor |
| 245 | 0 | 0 | _aJe consens, donc je suis... : Ethique de l’autonomie |
| 260 | _c2006. | ||
| 500 | _a42 | ||
| 690 | _aConsentement | ||
| 690 | _aCorps | ||
| 690 | _aMichela Marzano | ||
| 690 | _aSexualité | ||
| 786 | 0 | _nPhilosophie magazine | 4 | 10-11 | 2006-11-01 | p. 46-46 | 1951-1787 | |
| 856 | 4 | 1 | _uhttps://shs.cairn.info/magazine-philosophie-magazine-2006-10-11-page-46?lang=fr&redirect-ssocas=7080 |
| 999 |
_c2035967 _d2035967 |
||